Un mundo ch'ixi es posible. Ensayos desde un presente en crisis

Guardat en:
Dades bibliogràfiques
Autor principal: Rivera Cusicanqui, Silvia (Autor)
Format: Llibre
Idioma:espanyol
Publicat: Buenos Aires, Argentina Tinta Limón 2018
Col·lecció:Colección Nociones Comunes
Matèries:
Etiquetes: Afegir etiqueta
Sense etiquetes, Sigues el primer a etiquetar aquest registre!

MARC

LEADER 00000cam a2200000 a 4500
001 UCC8419
003 CL-VaPUC
005 20250321101912.0
008 190628e20180000ag |||||||||||||||||spa|d
999 |c 374751  |d 374749 
020 |a 9789873687365 
040 |c Pontificia Universidad Católica de Valparaíso 
082 0 4 |a 305.800984 RIV 2018  |2 21 
100 0 |a Rivera Cusicanqui, Silvia  |e author  |9 603104 
245 1 3 |a Un mundo ch'ixi es posible.  |b Ensayos desde un presente en crisis 
260 |a Buenos Aires, Argentina   |b Tinta Limón  |c 2018 
300 |a 169 páginas  
440 |a Colección Nociones Comunes   |9 857052 
500 |a c.2.-c.3. Instituto Arcos 8-1-2025 
583 |a last modification  |c 20190628 11:06:00  |k Rodrigo Vera 
650 0 |a Sociología   |9 255410 
650 0 |a Estudios culturales  |9 389320 
650 0 |a Ciencias sociales  |v Investigación  |9 307767 
852 |a BIBING 
942 |c BK  |2 ddc  |n 0 
945 |d 20190628 11:06:00  |a dcastane 
952 |0 0  |1 0  |2 ddc  |3 erb  |4 0  |6 305_800984000000000_RIV_2018  |7 0  |8 A  |9 493462  |a BIBING  |b BIBING  |d 2019-06-26  |e 44  |g 11000.00  |i 5554330  |l 5  |o 305.800984 RIV 2018  |p 5554330  |r 2025-01-20  |s 2023-08-29  |v 11000.00  |w 2019-11-24  |y BK  |z Catalogado en:20190628  |k GEO 
952 |0 0  |1 0  |2 ddc  |4 0  |6 305_800984000000000_RIV_2018  |7 0  |8 A  |9 600118  |a BIBINC  |b BIBINC  |d 2025-01-29  |e Instituto Arcos   |i 5665001  |o 305.800984 RIV 2018  |p 5665001  |r 2025-01-29  |t 2  |w 2025-01-29  |y BK  |k IFP 
952 |0 0  |1 0  |2 ddc  |4 0  |6 305_800984000000000_RIV_2018  |7 0  |8 A  |9 600227  |a BIBINC  |b BIBINC  |d 2025-01-29  |e Instituto Arcos   |i 5665095  |l 2  |m 1  |o 305.800984 RIV 2018  |p 5665095  |r 2025-04-28  |s 2025-04-16  |t 3  |w 2025-01-29  |y BK  |k IFP